山东省行政区划,但是民国时期 - Statistics

General Stats
  • This quiz has been taken 3 times
  • The average score is 28 of 111
Answer Stats
Hint Answer % Correct
省会 济南
100%
院辖市 青岛
100%
省辖市 烟台
100%
省辖市 威海卫
100%
荣成
67%
棲霞
67%
德县
67%
文登
33%
牟平
33%
海阳
33%
蓬莱
33%
黄县
33%
莱阳
33%
即墨
33%
招远
33%
掖县
33%
平度
33%
胶县
33%
高密
33%
诸城
33%
安丘
33%
沂水
33%
莒县
33%
临沂
33%
寿光
33%
临淄
33%
无棣
33%
沾化
33%
阳信
33%
乐陵
33%
惠民
33%
滨县
33%
陵县
33%
平原
33%
夏津
33%
高唐
33%
禹城
33%
临清
33%
茌平
33%
齐河
33%
冠县
33%
莘县
33%
寿张
33%
范县
33%
菏泽
33%
定陶
33%
曹县
33%
阳谷
33%
郓城
33%
巨野
33%
聊城
33%
东阿
33%
东平
33%
嘉祥
33%
金乡
33%
鱼台
33%
平阴
33%
肥城
33%
宁阳
33%
济宁
33%
泰安
33%
泗水
33%
曲阜
33%
邹县
33%
滕县
33%
淄川
33%
博山
33%
莱芜
33%
蒙阴
33%
新泰
33%
费县
33%
峄县
33%
郯城
33%
福山
0%
昌邑
0%
日照
0%
潍县
0%
昌乐
0%
临朐
0%
广饶
0%
益都
0%
德平
0%
利津
0%
商河
0%
蒲台
0%
武城
0%
恩县
0%
临邑
0%
青城
0%
高苑
0%
博兴
0%
济阳
0%
齐东
0%
桓台
0%
清平
0%
历城
0%
章邱
0%
长山
0%
邱县
0%
馆陶
0%
博平
0%
长清
0%
朝城
0%
观城
0%
城武
0%
堂邑
0%
濮县
0%
汶上
0%
单县
0%
滋阳
0%
复兴
0%
No matching quizzes found
Score Distribution
Percent of People with Each Score
Percentile by Number Answered
Your Score History
You have not taken this quiz